[Event "DEN-chT 1213"]
[Site "Denmark"]
[Date "2012.12.02"]
[Round "3.7"]
[White "Hoiberg, Nina"]
[Black "Pedersen, Jane R"]
[Result "1-0"]
[WhiteElo "2196"]
[BlackElo "2215"]
[PlyCount "85"]
[EventDate "2012.10.27"]
[EventType "team-tourn"]
[EventRounds "9"]
[EventCountry "DEN"]
[SourceTitle "EXT 2014"]
[Source "ChessBase"]
[SourceDate "2013.11.20"]
[SourceVersion "1"]
[SourceVersionDate "2013.11.20"]
[SourceQuality "1"]
[WhiteTeam "Nordre"]
[BlackTeam "Nordea"]
[WhiteTeamCountry "DEN"]
[BlackTeamCountry "DEN"]

1. e4 e5 2. Nf3 Nc6 3. Bc4 Nf6 4. d4 exd4 5. e5 d5 6. Bb5 Ne4 7. Nxd4 Bc5 8. Be3 Bd7 9. Bxc6 bxc6 10. 0-0 Bb6 11. f3 Ng5 12. f4 Ne4 13. Nc3 Nxc3 14. bxc3 Qe7 15. Qf3 0-0 16. Rfe1 Rad8 17. a4 a5 18. Qf2 Rfe8 19. Nb3 Rb8 20. f5 Bxe3 21. Rxe3 Qg5 22. Nxa5 Ra8 23. Nb3 Bxf5 24. Nd4 Bg6 25. Nxc6 Re6 26. Nb4 Rxe5 27. Rxe5 Qxe5 28. Qd4 Qe2 29. Nxd5 Qxc2 30. Ne7+ Kh8 31. Nxg6+ hxg6 32. a5 Qb2 33. Ra4 Qc1+ 34. Kf2 Re8 35. h3 Qe1+ 36. Kf3 c5 37. Qh4+ Qxh4 38. Rxh4+ Kg8 39. Rc4 Rc8 40. Ke4 Kf8 41. Kd5 Ke7 42. Rxc5 Ra8 43. Kc6 1-0

[Event "DEN-chT 1213"]
[Site "Denmark"]
[Date "2012.10.28"]
[Round "2.7"]
[White "Pedersen, Jane R"]
[Black "Jakobsen, Peter"]
[Result "1-0"]
[WhiteElo "2215"]
[BlackElo "2255"]
[PlyCount "75"]
[EventDate "2012.10.27"]
[EventType "team-tourn"]
[EventRounds "9"]
[EventCountry "DEN"]
[SourceTitle "EXT 2014"]
[Source "ChessBase"]
[SourceDate "2013.11.20"]
[SourceVersion "1"]
[SourceVersionDate "2013.11.20"]
[SourceQuality "1"]
[WhiteTeam "Nordea"]
[BlackTeam "Nordkalotten"]
[WhiteTeamCountry "DEN"]
[BlackTeamCountry "DEN"]

1. e4 c5 2. Nf3 d6 3. d4 cxd4 4. Nxd4 Nf6 5. Nc3 a6 6. a4 e6 7. Be3 Be7 8. Bd3 0-0 9. 0-0 Nc6 10. Nxc6 bxc6 11. f4 e5 12. fxe5 Ng4 13. Qe2 Nxe5 14. h3 a5 15. Rf2 Rb8 16. b3 Bf6 17. Rd1 Be6 18. Qd2 Qe7 19. Ne2 Rb4 20. Nd4 c5 21. Nf3 Rc8 22. Ba6 Nxf3+ 23. Rxf3 Rd8 24. e5 Bxe5 25. Bxc5 Rbb8 26. Bf2 Qc7 27. Bd3 g6 28. Bh4 Rf8 29. Bf6 Qc5+ 30. Kh1 Qd4 31. Bxe5 dxe5 32. Qxa5 e4 33. Be2 Qb2 34. Qc3 Qxc3 35. Rxc3 Rfc8 36. Rxc8+ Rxc8 37. c4 Rb8 38. Rb1 1-0

[Event "DEN-chT 1213"]
[Site "Denmark"]
[Date "2012.10.27"]
[Round "1.7"]
[White "Christensen, Bo Garner"]
[Black "Pedersen, Jane R"]
[Result "1-0"]
[WhiteElo "2243"]
[BlackElo "2215"]
[PlyCount "136"]
[EventDate "2012.10.27"]
[EventType "team-tourn"]
[EventRounds "9"]
[EventCountry "DEN"]
[SourceTitle "EXT 2014"]
[Source "ChessBase"]
[SourceDate "2013.11.20"]
[SourceVersion "1"]
[SourceVersionDate "2013.11.20"]
[SourceQuality "1"]
[WhiteTeam "Valby K41"]
[BlackTeam "Nordea"]
[WhiteTeamCountry "DEN"]
[BlackTeamCountry "DEN"]

1. e4 e5 2. Nf3 Nc6 3. Bb5 a6 4. Ba4 Nf6 5. 0-0 Be7 6. Re1 b5 7. Bb3 0-0 8. c3 d6 9. h3 Re8 10. d3 Bf8 11. Ng5 Re7 12. f4 h6 13. Nf3 Re8 14. f5 d5 15. Nbd2 Na5 16. Bc2 c5 17. Qe2 Bb7 18. exd5 Qxd5 19. Ne4 Be7 20. b4 cxb4 21. cxb4 Nc6 22. a3 Rac8 23. Rb1 Red8 24. Be3 Nd4 25. Bxd4 exd4 26. Bb3 Qxf5 27. Ng3 Qg6 28. Nh4 Qg5 29. Bxf7+ Kh7 30. Bg6+ Kh8 31. Bf5 Qxh4 32. Bxc8 Qxg3 33. Bxb7 Bd6 34. Qf3 Qh2+ 35. Kf1 Bg3 36. Rec1 Bf4 37. Rd1 Re8 38. Be4 Nxe4 39. dxe4 Bd6 40. Ke2 Rf8 41. Qg4 Rf4 42. Rh1 Rxg4 43. Rxh2 Rxe4+ 44. Kd3 Re3+ 45. Kxd4 Rxa3 46. Rhh1 Ra4 47. Kd5 Bxb4 48. Ra1 Ba3 49. Rhe1 b4 50. Kc4 Ra5 51. Re6 Rg5 52. g4 a5 53. Ra6 Re5 54. Rd1 Bb2 55. Kb3 Bc3 56. h4 Kh7 57. Rg1 Re4 58. g5 hxg5 59. hxg5 Re8 60. g6+ Kg8 61. Rxa5 Rb8 62. Rf1 Re8 63. Rb5 Rd8 64. Rh5 Re8 65. Rf2 Rd8 66. Rf3 Ra8 67. Rfh3 Ra3+ 68. Kc4 Kf8 1-0